|
|
|
|
| LEADER |
00596cam a2200169 7i4500 |
| 001 |
0000003303 |
| 005 |
20191017090000.0 |
| 020 |
|
|
|a 013097417X (alk. paper)
|
| 090 |
0 |
0 |
|a TK454
|b .BOY 2003
|
| 100 |
1 |
|
|a Boylestad, Robert L
|
| 245 |
1 |
0 |
|a Introductory circuit analysis
|c Robert L. Boylestad.
|
| 260 |
|
|
|a Upper Saddle River, N.J.:
|b Prentice Hall,
|c 2003.
|
| 300 |
|
|
|a xvi, 1228 p.:
|b ill. (some col.);
|c 29 cm..
|
| 500 |
|
|
|a Includes index
|
| 650 |
0 |
0 |
|a Electric circuit analysis --
|x Data processing
|
| 650 |
0 |
0 |
|a Electric circuits
|
| 997 |
|
|
|a Engineering & Life Sciences, Faculty
|b Engineering, Department
|